000 00590nam a2200205 i 4500
001 42749
003 ES-MaACL
005 20230906160655.0
007 t|
008 030313s1972 sp |||| | spa d
080 _a821.134.2-3"19"
100 1 _aCerdán Tato, Enrique.
_937471
245 1 0 _aCazar ballenas en los charcos bajo la luz cenital /
_cEnrique Cerdán Tato.
260 _aMadrid :
_bHelios,
_c[1972]
300 _a213 p. ;
_c20 cm.
490 1 _aScorpion. Novela ;
_v7
830 0 _aScorpion. Novela ;
_v7
_9229836
852 _aES-MaACL
_jC-50705
999 _c42749
_d42749